| 000 | 00386nam a22001577a 4500 | ||
|---|---|---|---|
| 999 |
_c3069 _d3026 |
||
| 008 | 180208b xxu||||| |||| 00| | tur d | ||
| 020 | _a9755100202 | ||
| 041 | _atur | ||
| 050 | _aPL248.E73 | ||
| 100 |
_9935 _aEray, Nazlı |
||
| 245 | _aUyku İstasyonu | ||
| 260 |
_aİstanbul: _bCan Yayınları, _c1994 |
||
| 300 | _a160 Sayfa | ||
| 650 | 0 |
_9145 _aTürk Edebiyatı |
|
| 942 |
_2lcc _cBK |
||